Treasure town: student's book 5

Uloženo v:
Podrobná bibliografie
Hlavní autoři: Linse, Caroline (autora), Schottman, Elly (Autor)
Médium: Kniha
Jazyk:angličtina
Vydáno: Londres MacMillan Heinemann 1999
Témata:
Tagy: Přidat tag
Žádné tagy, Buďte první, kdo vytvoří štítek k tomuto záznamu!

MARC

LEADER 00000nam a2200000 a 4500
001 UCN0060
003 CL-VaPUC
008 010316e19990000UK |||||||||||||||||eng|d
082 0 4 |a 372.6521  |b LIN  |2 21 
100 |a Linse, Caroline  |e autora  |9 611852 
700 0 |a Schottman, Elly  |e author  |9 455318 
245 1 0 |a Treasure town: student's book 5 
300 |a 96 p 
942 |c BK 
945 |d 20010316 00:00:00  |a cmena 
260 |a Londres  |b MacMillan Heinemann  |c 1999 
500 |a Complementario con cassette 5: units 1-10 
650 0 |a Inglés  |9 260023 
650 0 |a Educación lingüística  |9 306506 
650 0 |a Enseñanza del inglés  |9 367340 
650 0 |a Educación básica   |9 224933 
650 0 |a Métodos de enseñanza  |9 270413 
650 0 |a Libros de texto  |9 270019 
583 |a last modification  |c 20010316 00:00:00  |k Rodrigo Vera 
999 |c 294029  |d 294027 
952 |0 0  |1 0  |4 0  |6 372_652100000000000_LIN_1999  |7 0  |8 A  |9 345869  |a BIBEDU  |b BIBEDU  |d 2019-11-20  |i 3693112  |o 372.6521 LIN 1999  |p 3693112  |r 2019-11-20  |w 2019-11-20  |y BK  |k LIT